Uygulamalı gemi modelciliği /

Bibliographic Details
Main Author: Güleryüz, H. Veysel (Author)
Format: Book
Language:Turkish
Published: İstanbul : Denizler Kitabevi, 2007.
Edition:2. Baskı.
Series:Denizler Kitabevi.
Subjects:

MARC

Tag First Indicator Second Indicator Subfields
LEADER 00000cam a2200000Mi 4500
001 in00004751007
008 150312s2007 tu ae b 000 0 tur d
005 20231031211802.4
035 |a (OCoLC)ocn949365707 
040 |a BGZ  |b eng  |e rda  |c BGZ  |d OCLCO  |d OCLCF  |d OCLCQ  |d OCLCO 
020 |a 9789944264075  |q (paperback) 
020 |a 9944264075 
035 |a (OCoLC)949365707 
050 1 4 |a VM298  |b .G85 2007 
100 1 |a Güleryüz, H. Veysel.  |4 aut 
245 1 0 |a Uygulamalı gemi modelciliği /  |c H. Veysel Güleryüz. 
246 3 |a Gemi modelciliği 
250 |a 2. Baskı. 
264 1 |a İstanbul :  |b Denizler Kitabevi,  |c 2007. 
300 |a 240 pages :  |b illustrations, plans ;  |c 26 cm 
336 |a text  |b txt  |2 rdacontent 
336 |a still image  |b sti  |2 rdacontent 
337 |a unmediated  |b n  |2 rdamedia 
338 |a volume  |b nc  |2 rdacarrier 
490 1 |a Denizler Kitabevi. 
500 |a Models and miniatures. 
500 |a "Güzelhisar Katlanır Plan İlaveli 500'den Fazla İllüstrasyon"--Cover. 
504 |a Includes bibliographical references (page 240). 
650 0 |a Ship models. 
650 0 |a Ship models  |x Design and construction. 
650 6 |a Navires  |x Modèles réduits. 
650 7 |a Ship models.  |2 fast  |0 (OCoLC)fst01116172 
830 0 |a Denizler Kitabevi. 
994 |a Z0  |b TXA 
948 |h HELD BY TXA - 1 OTHER HOLDINGS 
999 f f |s 4f87c0a3-1ecc-4fdd-86b0-b0c902f59e49  |i b2a6e3f0-ae3b-4fb3-8b8e-cc82e08dcf20  |t 0 
952 f f |p noncirc  |a Texas A&M University  |b College Station  |c Sterling C. Evans Library  |d Bodrum (located in Turkey)  |t 0  |e VM298 G85 2007  |h Library of Congress classification  |i unmediated -- volume 
998 f f |a VM298 G85 2007  |t 0  |l Bodrum (located in Turkey)